LDR 00607naa#a2200181#i#450# 001 EN\\bibl\113549 005 20260703035547.5 011 ## _a2227-1171 100 ## _a20260630b2026####ek#y0engy0150####ca 102 ## _aRU 200 1# _aRESPONSIBILITY OF THE PARTIES IN TELEMEDICINE _eJournal article 210 1# _aKazan _cKazan law institute Ministry of Internal Affairs Russian Federation _d2026 215 ## _a8 с. 608 ## _aJournal article _2local 675 ## _aАдминистративное право. 342.9 _z 700 #1 _aAhmadullina _gIrina Ahsanovna 700 #1 _aAkhmadullina _gAlbina Ayratovna 856 4# _avestnikkui.ru _u